Quizzes
Events
Quiz Creation
Community
Videos
Private Events
Remove Ads
Sign In
Join for FREE
Feedback
Dark Mode
Quiz Categories
Sports
Geography
Music
Movies
Television
Just For Fun
Miscellaneous
History
Literature
Language
Science
Gaming
Entertainment
Religion
Holiday
For Kids
Quiz Lab
Recent
Popular Today
Quiz Kudos Today
Editor Picks
Curator Picks
Quizzes by...
Day
Popularity
Type
Ratings
Length
Year
Community
Subscriptions
Recent Discussions
Orange Saloon
Badges
Playlists
Quests
Create
Leaderboards
Showdown
Live 5
Trivia Bingo
Activity
Puzzle Library
Sporcle Events
Private Events
Virtual Trivia
Globe League
Become a Host
Pub Owners
SporcleCon
Opinionation
Our Games
Videos
Blog
Mobile Apps
Partnerships
Remove Ads and Go Orange
Feedback
Geography
Country
Landmarks
City
State
Population
World
Capital
Continent
Flags
Europe
Africa
Asia
South America
North America
Oceania
Border
Canada
United Kingdom
Topography
United States
Geography
Country
Landmarks
City
State
Population
World
Capital
Continent
Flags
Europe
Africa
Asia
South America
North America
Oceania
Border
Canada
United Kingdom
Topography
United States
Random Quiz
Search Sporcle
×
Quiz Lab
Quiz Lab
Geography
Spanish
Click on regions of an image
Click on regions of an image
Picture Click
Best Score? Go Orange.
Click the Spanish provinces Stats
Can you pick the Spanish provinces?
By
marsco
6m
50 Questions
1,162 Plays
1,162 Plays
1,162 Plays
Comments
Comments
Give Quiz Kudos
Give Quiz Kudos
-
- Ratings
hide this ad
Forced Order
Answers have to be entered in order
Answers have to be entered in order
Replay
Link that replays current quiz
Next Quiz
Link to next quiz in quiz playlist
You Got
0%
They Got
Avg Score
68%
Avg Friend Score
Upgrade to see
Score Distribution
Jump to the score distribution portion of the page
Score
0/50
Timer
06:00
0
Plays Today
% Correct
Madrid
80.4%
Illes Balears
79.3%
Barcelona
77.1%
Santa Cruz de Tenerife
76.1%
Asturias
75.5%
A Coruña
74.7%
València
73.6%
Zaragoza
73.6%
Cádiz
73.3%
Nafarroa
72.3%
Murcia
72.1%
Girona
71.8%
Las Palmas
71.7%
Cantabria
71.4%
Sevilla
71.1%
Alacant
70.8%
Badajoz
70.7%
Toledo
70.4%
La Rioja
70.3%
Málaga
69.3%
Castelló
68.6%
Lleida
68.3%
Gipuzkoa
68.2%
Cáceres
68%
Lugo
68%
% Correct
Granada
67.6%
León
67.5%
Huelva
67.4%
Bizkaia
66.9%
Ourense
66.4%
Ciudad Real
66.3%
Tarragona
66.1%
Huesca
65.3%
Jaén
65%
Teruel
65%
Almería
64.9%
Guadalajara
64.9%
Burgos
64.4%
Córdoba
64.2%
Pontevedra
63.8%
Albacete
63.6%
Palencia
62.7%
Segovia
62.6%
Cuenca
62.4%
Araba
62.1%
Salamanca
61.2%
Zamora
60.4%
Valladolid
59.3%
Soria
58.3%
Ávila
56.7%
Quiz Playlist
Details
Report
Send in Message
Add To Playlist
Picture Click:
Click on regions of an image
Forced Order:
Answers have to be entered in order
Quiz Source
Last Updated: Nov 11, 2020
Quiz Scoreboard
CHALLENGE
Sign Up to Join the Scoreboard
Show All
Scores
Hide
Comments
May contain spoilers
Recently Published
An Introduction to Baseball
by treessimontrees
Sports
5m
Movies - When Are They Set?
by FPL_Elf
Movies
5m
Popular People in 1961
by mucciniale
History
6m
More to Explore
Quiz From the Vault
Featured Blog Post
Where Did the Easter Bunny Come From?
hide this ad
You Might Also Like...
Tags
Spanish Quiz
Province
Today's Top Quizzes in Geography
Browse Geography
hide this ad
Today's Top Quizzes in Spanish
Browse Spanish
Top Contributed Quizzes in Geography
1
Countries of the World - No Outlines Minefield
2
Top 25 Cities of France on a map
3
Closest Countries to UK A-Z
4
One Thing in Common: United Kingdom
5
Any capital of a 'B' country per Continent
6
Blind Secret Country CLXXXVIII
7
African Flag Reveal XLV
8
Blind Ultimate Minefield: USA
9
Find the US States - No Outlines
10
One Thing in Common: Asia
Explore More
Trending Topics
Disney
Marvel
Crossword
NBA
Kpop
Harry Potter
Anime
Soccer
Pokémon
Country
The Office
Song
WWE
Puzzle
NFL
hide this ad
More By:
marsco
Quiz
Plays
Rating
Category
Featured
Created
Countries with Megacities
121,945
4.34
Geography
Dec 16, 2009
Most Populous German Cities
101,420
4.58
Geography
Sep 28, 2009
European countries where it's legal
6,838
2.99
Geography
Jan 31, 2010
Ethnic groups in Europe
6,370
4.30
Geography
Dec 6, 2009
Best-known Bruce Springsteen Songs
5,576
4.10
Music
Oct 31, 2009
Go to Creator's Profile
Score Distribution
Quiz Creator Spotlight
marsco
Follow
Send a Message
Quizzes Created
-
Created Quiz Play Count
-
More By This Creator
Popular Quizzes Today
1
Find the Countries of Europe - No Outlines Minefield
2
Find the US States - No Outlines Minefield
3
The Countries of the World
4
Popular People in 1961
5
US States
6
1-10 Letter E Words III
7
Find the US States
8
One Thing in Common: World Cities II
More Geography Quizzes
Closest Countries to Democratic Republic of the Congo
Quiz Lab
Trending Quizzes
Risky Map Clicking: Least Populous States A-Z
1-10 Letter F Words
1-10 Letter G Words
One Thing in Common: United Kingdom
Risky Map Clicking: Next State Alphabetically
Recently Updated
Leaping Animals
pecheneg
Reality TV Shows (A-Z)
bhenderson79
Rickey Henderson's Hall of Fame Teammates
pecheneg
Champions League XIs: Arsenal
pecheneg
Quick Pick: Celebrities in WWE's Hall of Fame
aduchscher
A-Z Keypad Blitz II
pecheneg
Multiple Oscar Actors
pecheneg
Mystery Phrase Blitz: Oscar 'Best Actors'
pecheneg
F. Scott Fitzgerald Novels
LTH
Pick 3 Villains
ddd62291
Trending Topics
NBA
Anime
Marvel
Kpop
Harry Potter
Disney
Crossword
Pokémon
WWE
NFL
Puzzle
Soccer
The Office
Country
Song
Your Account Isn't Verified!
In order to create a playlist on Sporcle, you need to verify the email address you used during registration. Go to your
Sporcle Settings
to finish the process.
Report this User
Report this user for behavior that violates our
Community Guidelines
.
Details:
Send Report
Go to the Sporcle.com Mobile Site →
Comments